| 000 -CABECERA |
| Longitud fija campo de control |
00667nam a2200193 a 4500 |
| 001 - NÚMERO DE CONTROL |
| Número de control |
1452 |
| 003 - IDENTIFICADOR DEL NÚMERO DE CONTROL |
| Identificador del número de control |
CDMR |
| 005 - FECHA Y HORA DE LA ÚLTIMA TRANSACCIÓN |
| Fecha y hora de la última transacción |
20130916120516.0 |
| 008 - CÓDIGOS DE INFORMACIÓN DE LONGITUD FIJA |
| Códigos de información de longitud fija |
130130s19701973||||||||||||||||||||spa|d |
| 040 ## - FUENTE DE LA CATALOGACIÓN |
| Centro catalogador de origen |
CDMR |
| Lengua de catalogación |
cat |
| Centro transcriptor |
CDMR |
| 100 1# - PUNTO DE ACCESO PRINCIPAL-NOMBRE DE PERSONA |
| Nombre de persona |
Riquer, Martín de |
| 9 (RLIN) |
1105 |
| 245 10 - MENCIÓN DE TÍTULO |
| Título |
Historia de la literatura universal |
| Mención de responsabilidad, etc. |
por Martín de Riquer y José María Valverde |
| 260 ## - PUBLICACIÓN, DISTRIBUCIÓN, ETC. (PIE DE IMPRENTA) |
| Lugar de publicación, distribución, etc. |
Barcelona |
| Fecha de publicación, distribución, etc. |
1970-1973 |
| Nombre del editor, distribuidor, etc. |
Planeta |
| 300 ## - DESCRIPCIÓN FÍSICA |
| Extensión |
3 v. |
| 500 ## - NOTA GENERAL |
| Nota general |
El volum 1 pertany a la 4a edició |
| 505 ## - NOTA DE CONTENIDO CON FORMATO |
| Nota de contenido con formato |
Conté: 1. De la Antigüedad al Renacimiento ; 2. Del Renacimiento al Romanticismo ; 3. Del Romanticismo a nuestros días |
| 700 1# - PUNTO DE ACCESO ADICIONAL - NOMBRE DE PERSONA |
| 9 (RLIN) |
1106 |
| Nombre de persona |
Valverde, José María |
| 942 ## - ENTRADA DE ELEMENTOS AGREGADOS (KOHA) |
| Koha [por defecto] tipo de item |
Monografies |
| Fuente de clasificaión o esquema |
|